|
|
|
|
| LEADER |
00000nam0a2200000 4500 |
| 001 |
216990 |
| 005 |
20231101230059.0 |
| 035 |
|
|
|a (RuTPU)RU\TPU\book\236966
|
| 090 |
|
|
|a 216990
|
| 100 |
|
|
|a 20120530d1906 k y0rusy50 ca
|
| 101 |
1 |
|
|a rus
|c eng
|
| 102 |
|
|
|a RU
|
| 105 |
|
|
|a y z 000zy
|
| 200 |
1 |
|
|a Либерализм. Опыт изложения принципов и программы современного либерализма в Англии
|f Г.-Л. Самуэль
|g с введением Г.-Г. Асквита ; пер. с англ. и под ред. М. Мамуровского
|
| 210 |
|
|
|a Москва
|c Издание И. Романова
|d 1906
|
| 215 |
|
|
|a XXXV-XLVI, 480, VIII с.
|
| 300 |
|
|
|a Первый русский перевод книги: Samuel H. Liberalism (London, 1902). По независящим от издателя русского перевода обстоятельствам, в настоящее издание не вошли его предисловие (стр. V-VII) и статья редактора русского издания М. Мамуровского: "Консерватизм, или либерализм?" (стр. IX-XXXII).
|
| 300 |
|
|
|a На тит. л. автор: Herbert Samuel.
|
| 316 |
|
|
|5 63413507: 40//522
|a Комбинированный темно-вишневый владельческий переплет, узорный обрез, на корешке инициалы "М. С."
|
| 317 |
|
|
|5 63413507: 40//522
|a Поступила в ноябре 1923 г. в дар от профессора ТТИ А. П. Малышева в составе книжного собрания.
|
| 610 |
1 |
|
|a обществознание
|
| 610 |
1 |
|
|a 20 век
|
| 610 |
1 |
|
|a Великобритания
|
| 610 |
1 |
|
|a политические партии
|
| 610 |
1 |
|
|a программы
|
| 610 |
1 |
|
|a либерализм
|
| 610 |
1 |
|
|a реформы
|
| 610 |
1 |
|
|a социальная политика
|
| 610 |
1 |
|
|a народное образование
|
| 610 |
1 |
|
|a жилищный вопрос
|
| 610 |
1 |
|
|a пьянство
|
| 610 |
1 |
|
|a рабочий класс
|
| 610 |
1 |
|
|a аграрный вопрос
|
| 610 |
1 |
|
|a общественное призрение
|
| 610 |
1 |
|
|a экономическая политика
|
| 610 |
1 |
|
|a торговля
|
| 610 |
1 |
|
|a церковно-гоударственная политика
|
| 610 |
1 |
|
|a конституция
|
| 610 |
1 |
|
|a демократия
|
| 610 |
1 |
|
|a избирательные права
|
| 610 |
1 |
|
|a Палата общин
|
| 610 |
1 |
|
|a Палата лордов
|
| 610 |
1 |
|
|a местное самоуправление
|
| 610 |
1 |
|
|a внешняя политика
|
| 610 |
1 |
|
|a имперская политика
|
| 610 |
1 |
|
|a дары библиотеке
|
| 610 |
1 |
|
|a коллекция А. П. Малышева
|
| 686 |
|
|
|a Ю3
|v LBC/SL-A
|2 rubbk
|
| 700 |
|
1 |
|a Самуэль
|b Г.-Л.
|c виконт
|c британский политик
|c государственный деятель
|c мыслитель
|f 1870-1963
|g Герберт Луи
|2 stltpush
|3 (RuTPU)RU\TPU\pers\29564
|
| 702 |
|
1 |
|a Асквит
|b Г.-Г.
|c лорд
|c английский государственный деятель
|c один из лидеров Либеральной партии
|c премьер-министр Великобритании в 1908-1916 гг.
|f 1852-1928
|g Герберт-Генри
|2 stltpush
|3 (RuTPU)RU\TPU\pers\29565
|4 080
|9 14100
|
| 702 |
|
1 |
|a Мамуровский
|b М.
|4 730
|4 340
|
| 801 |
|
1 |
|a RU
|b 63413507
|c 20120530
|
| 801 |
|
2 |
|a RU
|b 63413507
|c 20170303
|g RCR
|
| 942 |
|
|
|c BK
|